Biblioteca

El principito / Antoine de Saint Exupéry ; Bonifacio del Carril, Traductor (Registro nro. 42309)

Detalles MARC
000 -LÍDER
Campo fijo de descripción fija 004150000a22001570004500
020 ## - NÚMERO INTERNACIONAL NORMALIZADO PARA LIBROS
Número Internacional Normalizado del libro 84-206-1348-7
041 0# - CÓDIGO DE IDIOMA
Código de idioma para texto/pista de sonido o título separado
082 04 - NÚMERO DE CLASIFICACIÓN DECIMAL DEWEY
Número de clasificación G 843.91 S1329p
001 - NÚMERO DE CONTROL
Campo de control 13328
100 1# - ASIENTO PRINCIPAL--NOMBRE PERSONAL
Nombre personal Saint Exupéry, Antoine
245 10 - TÍTULO
Título del Material El principito / Antoine de Saint Exupéry ; Bonifacio del Carril, Traductor
260 ## - PUBLICACIÓN, DISTRIBUCIÓN, ETC. (PIE DE IMPRENTA)
Lugar de publicación, distribución, etc. Madrid : Alianza
300 ## - DESCRIPCIÓN FÍSICA
Extensión 116 Pag
500 ## - NOTA GENERAL
Nota General Título original : Le petit prince
942 ## - TIPO DE MATERIAL (KOHA)
Tipo de Item KOHA Libros General
Existencias
Estado de Material Estado de Perdido Estado de Dañado No para Préstamo Colección Tomo Biblioteca de Origen Biblioteca Permanente Fecha de Adquisición Total de Préstamos Signatura Topográfica Código de Barras Última vez visto Última vez Préstado Ejemplar/Existencia Fecha de Remplazo Tipo de Material
        Colección General   Biblioteca FUSBC Biblioteca FUSBC 03/11/2005 2 G 843.91 S1329p 11181 15/03/2024 14/02/2024 1 26/01/2016 Libros General

Biblioteca FUSBC | Teléfono: (57+4) 349 88 10 Ext. 141| WhatsApp (+57) 3005338115 
E-mail: biblioteca@unisbc.edu.co | Calle 76 87-14 Robledo Palenque, Medellín, Colombia

Con tecnología Koha